Innovations in Food Processing (Record no. 52508)

MARC details
000 -LEADER
fixed length control field 00482nam a2200169Ia 4500
003 - CONTROL NUMBER IDENTIFIER
control field OSt
008 - FIXED-LENGTH DATA ELEMENTS--GENERAL INFORMATION
fixed length control field 170901s2017 xx 000 0 und d
020 ## - INTERNATIONAL STANDARD BOOK NUMBER
International Standard Book Number 9789391226568
082 ## - DEWEY DECIMAL CLASSIFICATION NUMBER
Classification number 664.02
Item number P22I
100 ## - MAIN ENTRY--PERSONAL NAME
Personal name Patil, R. T.
245 #0 - TITLE STATEMENT
Title Innovations in Food Processing
Remainder of title Patil, R. T.
260 ## - PUBLICATION, DISTRIBUTION, ETC. (IMPRINT)
Place of publication, distribution, etc Delhi
Name of publisher, distributor, etc Satish Serial Publishing House
Date of publication, distribution, etc 2013
300 ## - PHYSICAL DESCRIPTION
Extent viii., 259p.
650 ## - SUBJECT ADDED ENTRY--TOPICAL TERM
Topical term or geographic name as entry element Chemical and Related Technologies
650 ## - SUBJECT ADDED ENTRY--TOPICAL TERM
Topical term or geographic name as entry element Technology (Applied sciences)
942 ## - ADDED ENTRY ELEMENTS (KOHA)
Source of classification or shelving scheme
Koha item type Books
Holdings
Withdrawn status Lost status Source of classification or shelving scheme Damaged status Not for loan Home library Current library Shelving location Date acquired Source of acquisition Currency Cost, normal purchase price Total Checkouts Full call number Barcode Date last seen Bill Date Koha item type Bill Number
          Dr. Rajendra Prasad Central Agricultural University Pusa, Dr. Rajendra Prasad Central Agricultural University Pusa, General Stacks 30/06/2026 International Books & Periodicals Supply Service INR 1950.00   664.02 P22I 87133 30/06/2026 29/01/2026 Books IBPS/021/2025-26
Hosted, Implemented, Customized & Maintained by: BestBookBuddies

Powered by Koha